Vysoké Tatry Biele pleso s Kežmarskou chatou a Belanskými Tatrami

Bibliographic Details
Format: Postcard
Language:Slovak
PhysicalDescription:1 pohľadnica čiernobiela 9 x 14 cm
Published: [Bratislava] Tatran 1945
Subjects:

MARC

LEADER 00000nkm a2200000 a 4500
001 vtls011558393
003 SK-MaSNL
005 20260512122133.0
007 kp bo
008 231214s1945 xo g kuslo
015 |a SNBG1945 
035 |a urn:nbn:sk:snk-km00bkyw 
035 |a urn:nbn:sk:snk-km3lnj4 
035 |a 2DF7E103-0976-40BD-A528-7D18EEF3026D 
040 |a SNK  |b slo  |c SNK  |e AACR2 
041 0 |a slo 
043 |a e-xo--- 
044 |a xo  |c SK 
080 |a 913(437.6)  |2 2011 
080 |a 551.332.56(234.372.4)  |2 2011 
080 |a 728.61(234.372.4)  |2 2011 
080 |a (437.6)  |2 2011 
080 |a (234.372.4)  |2 2011 
080 |a (084.121)  |2 2011 
245 0 0 |a Vysoké Tatry  |h grafika  |b Biele pleso s Kežmarskou chatou a Belanskými Tatrami 
260 |a [Bratislava]  |b Tatran  |c 1945 
300 |a 1 pohľadnica  |b čiernobiela  |c 9 x 14 cm 
610 2 7 |a Kežmarská chata (Vysoké Tatry, Slovensko)  |2 SNKKA  |9 342191 
650 0 7 |a chaty  |2 SNK  |9 29339 
651 7 |a Vysoké Tatry (Poľsko a Slovensko : pohorie)  |2 SNKPHgeo  |9 67729 
651 7 |a Veľké Biele pleso (Vysoké Tatry, Slovensko)  |2 SNKPH  |9 160775 
651 7 |a Belianske Tatry (Slovensko : pohorie)  |2 SNKPH  |9 177592 
655 7 |a miestne pohľadnice  |2 SNKPH  |9 70510 
852 |a Slovenská národná knižnica 
958 |a GC 
958 |a GBN 
958 |a OND 
999 |c 587459  |d 589389 
952 |a SNK  |b SNK  |y PREZ  |7 0  |p 17A1178780  |o snkSP 5136  |0 0  |1 0  |4 0  |d 2016-06-07  |f 1  |l 0  |r 2026-02-23 15:13:50  |w 2026-02-23 
952 |a SNK  |b SNK  |y PREZ  |7 0  |p 17A1193725  |o snkSP 5136 D1  |0 0  |1 0  |4 0  |d 2016-06-07  |f 1  |l 0  |r 2026-02-23 15:13:50  |w 2026-02-23